Οι αναμνήσεις μου : ένας κόσμος που έφυγε : Κωνσταντινούπολη 1800-1920
Saved in:
| Main Author: | |
|---|---|
| Format: | Book |
| Language: | Greek |
| Published: |
Αθήνα :
Τροχαλία,
c2002
|
| Series: | Ελλήνων βίοι και τόποι
|
| Subjects: | |
| Tags: |
Add Tag
No Tags, Be the first to tag this record!
|
MARC
| LEADER | 00000nam a2200000 i 4500 | ||
|---|---|---|---|
| 001 | 1/80266 | ||
| 008 | 050707s2002 gre d | ||
| 020 | |a 960-7809-93-9 | ||
| 035 | |l 10078982 | ||
| 040 | |a GR-MY-UA |b gre |e aacr | ||
| 041 | 0 | |a gre | |
| 082 | 0 | |a 305.88904961 |2 (22) | |
| 100 | 1 | |a Ζαρίφης, Γεώργιος Λ., |d 1880-1943. | |
| 245 | 1 | 3 | |a Οι αναμνήσεις μου : |b ένας κόσμος που έφυγε : Κωνσταντινούπολη 1800-1920 / |c Γεώργιος Λ. Ζαρίφης |
| 260 | |a Αθήνα : |b Τροχαλία, |c c2002 | ||
| 300 | |a 413 σ.; |b εικ.; |c 24 εκ. | ||
| 490 | 1 | |a Ελλήνων βίοι και τόποι | |
| 650 | 0 | 0 | |a Greeks |z Turkey |z Istanbul |x Biography. |
| 651 | 0 | |a Istanbul (Turkey) |x Genealogy. | |
| 651 | 0 | |a Turkey |x Genealogy. | |
| 830 | 0 | |a Ελλήνων βίοι και τόποι | |
| 852 | |a INST |b LESVOS |e 20050707 |h 305.88904961 ΖΑΡ |p 005100032051 |q 005100032051 |t BK |y 0 | ||
| 901 | |a BIBL1-2005-2 | ||
| 909 | |a Λ |b 121095 | ||
| 920 | |a ΕΠΕΑΕΚ ΚΟΙΝΩΝΙΚΗΣ ΑΝΘΡΩΠΟΛΟΓΙΑΣ ΚΑΙ ΙΣΤΟΡΙΑΣ |y ΛΕΣΒΟΣ |z 2004-12 | ||
| 970 | |a ΚΑΡΑ |b ΓΙΑΣΕΜΗ |z 2005/07/07 | ||